000 00586nam a2200181Ia 4500
003 LK-CoDNM
005 20240123140133.0
008 010623t1920 xxu||||| |||| 00| 1 sin d
040 _aLK-CoDNM
_dLK-CoDNM
_eLK-CoDNM
041 _asin
080 _a104
_bM 5
100 _aTilakaratna,A.D.W
245 _aතුන්වැනි ප්‍රමාණයේ ඤානොදය පාඩම් පොතට ගැටපද විවරණය
246 _aGlossary for the Gnanodaya third Standard reader
260 _bN.J Kure
_aColombo
_c1920
300 _b35p, 21 cm
942 _cBK
999 _c89986
_d89986